000 00566nam a2200181Ia 4500
001 16706
005 20260306170330.0
008 260306t2009||||xx |||||||||||||| ||und||
041 _aESP
082 _a349.6
_bS42
100 _aSerna Vallejo, Margarita
_eAUT
245 0 _aLa historia del derecho en España a través de las revistas histórico-jurídicas impresas (1924-2008):
_bbase de datos de todas las referencias contenidas en ellas
260 _c2009
300 _a132 páginas :
_c24 cm.
650 _aGEN
654 _aCDE
942 _cREV
_dJUS
_fJUS
_2ddc
_n
999 _c16706
_d16706